Chelsea FC Squad 2017-2018 - Statistics

General Stats
  • This quiz has been taken 35 times
  • The average score is 20 of 26
Answer Stats
# Position Nation Player % Correct
2 DF Germany Antonio Rüdiger
93%
28 DF Spain César Azpilicueta
93%
10 FW Belgium Eden Hazard
93%
24 DF England Gary Cahill
93%
7 MF France N'Golo Kanté
93%
13 GK Belgium Thibaut Courtois
93%
22 FW Brazil Willian
93%
9 FW Spain Álvaro Morata
86%
27 DF Denmark Andreas Christensen
86%
4 MF Spain Cesc Fàbregas
86%
1 GK Argentina Willy Caballero
86%
- Coach Italy Antonio Conte
83%
33 DF Italy Emerson Palmieri
83%
3 DF Spain Marcos Alonso
83%
11 FW Spain Pedro
83%
15 MF Nigeria Victor Moses
83%
30 DF Brazil David Luiz
79%
23 FW Belgium Michy Batshuayi
79%
21 DF Italy Davide Zappacosta
76%
6 MF England Danny Drinkwater
69%
14 MF France Tiémoué Bakayoko
62%
18 FW France Olivier Giroud
59%
8 MF England Ross Barkley
55%
16 FW Brazil Kenedy
52%
17 FW Belgium Charly Musonda Jr.
31%
37 GK Portugal Eduardo
17%
No matching quizzes found
Score Distribution
Percent of People with Each Score
Percentile by Number Answered
Your Score History
You have not taken this quiz